000 00330nam a2200133Ia 4500
008 240624s9999 xx 000 0 und d
041 _aeng
082 _a658.314 BYR
100 _aBYRNE RHONDA
245 _aSECRET DAILY TEACHINGS
260 _c2013
_aNew Delhi
_bSimon And Schuster India
300 _a368 : p.
365 _cRS
_b25
999 _c22331
_d22331